Aquinas's summa (Record no. 3231)
[ view plain ]
| 000 -LEADER | |
|---|---|
| fixed length control field | 00554nam a2200217Ia 4500 |
| 003 - CONTROL NUMBER IDENTIFIER | |
| control field | 0100 |
| 008 - FIXED-LENGTH DATA ELEMENTS--GENERAL INFORMATION | |
| fixed length control field | 130227s9999 xx 000 0 und d |
| 040 ## - CATALOGING SOURCE | |
| Transcribing agency | ARRUPELIB |
| 050 ## - LIBRARY OF CONGRESS CALL NUMBER | |
| Classification number | B765.T54T6713 |
| 100 ## - MAIN ENTRY--PERSONAL NAME | |
| Personal name | Torrell, Jean-Pierre |
| 9 (RLIN) | 37182 |
| 245 ## - TITLE STATEMENT | |
| Title | Aquinas's summa |
| 245 ## - TITLE STATEMENT | |
| Remainder of title | background, structure and reception |
| 260 ## - PUBLICATION, DISTRIBUTION, ETC. (IMPRINT) | |
| Place of publication, distribution, etc | Washington |
| 260 ## - PUBLICATION, DISTRIBUTION, ETC. (IMPRINT) | |
| Name of publisher, distributor, etc | The Catholic University of America Press |
| 300 ## - PHYSICAL DESCRIPTION | |
| Extent | 156p. |
| 300 ## - PHYSICAL DESCRIPTION | |
| Other physical details | 23 cm |
| 600 ## - SUBJECT ADDED ENTRY--PERSONAL NAME | |
| Personal name | Thomas, Aquinas, St. |
| General subdivision | Summa theologica |
| Chronological subdivision | 1225?-1274 |
| 9 (RLIN) | 37183 |
| 650 ## - SUBJECT ADDED ENTRY--TOPICAL TERM | |
| Topical term following geographic name as entry element | Theology, Doctrinal |
| 9 (RLIN) | 37184 |
| 650 ## - SUBJECT ADDED ENTRY--TOPICAL TERM | |
| Topical term following geographic name as entry element | Catholic Church |
| General subdivision | Doctrines |
| 9 (RLIN) | 4786 |
| 700 ## - ADDED ENTRY--PERSONAL NAME | |
| Personal name | Guevin, Benedict M. (tr.) |
| 9 (RLIN) | 37185 |
| 942 ## - ADDED ENTRY ELEMENTS (KOHA) | |
| Source of classification or shelving scheme | Library of Congress Classification |
| Koha issues (borrowed), all copies | 2 |
| Item type | Monograph ( Printed materials) |
| Withdrawn status | Lost status | Source of classification or shelving scheme | Damaged status | Not for loan | Collection code | Home library | Current library | Shelving location | Date acquired | Total Checkouts | Full call number | Barcode | Date last seen | Date last borrowed | Copy number | Price effective from | Koha item type |
|---|---|---|---|---|---|---|---|---|---|---|---|---|---|---|---|---|---|
| Library of Congress Classification | Main Collection | ARRUPE LIBRARY | ARRUPE LIBRARY | Main Collection | 27/02/2013 | 2 | B765.T531 S8 T6713 | 46404166 | 05/11/2013 | 24/10/2013 | 1 | 27/02/2013 | Monograph ( Printed materials) |